|
|
|
|
| LEADER |
00000nam a22000007a 4500 |
| 005 |
20221025010016.0 |
| 007 |
cr|||| |||| |
| 008 |
221025s2020 br |||||s|||| 00||0 por d |
| 020 |
|
|
|a 978-65-86060-30-0
|
| 035 |
|
|
|a 37375
|
| 040 |
|
|
|a vLex
|
| 090 |
|
|
|c 14041
|d 14041
|
| 100 |
1 |
|
|a Castelar Pinheiro, Armando
|
| 245 |
1 |
0 |
|a Aplicaė̳s em Direito e Economia
|h [Recurso electrn̤ico] /
|c Armando Castelar Pinheiro, Antn̥io Jos ̌Maristrello Porto, Patrc̕ia Regina Pinheiro Sampaio
|
| 256 |
|
|
|a Servicio en ln̕ea
|
| 260 |
|
|
|a Rio de Janeiro:
|b FGV - Direito Rio,
|c 2022
|
| 300 |
|
|
|a 1 recurso electrn̤ico
|
| 500 |
|
|
|a “É conhecido o dil̀ogo complexo e difc̕il que h ̀entre o Direito e a Economia. Embora a conduta humana seja objeto de estudo dessas duas disciplinas, ambas trabalham com pressupostos epistemolg̤icos e metodolg̤icos diferentes para anl̀ise da aȯ̂ humana. O problema da escassez de recursos, bem como os diversos conflitos que as disputas por eles engendram, sô observados por lentes diferentes pelo economista e pelo jurista. Basta recordar que, no raciocn̕io econm̥ico, a eficin̊cia na alocaȯ̂ de recursos ̌um valor essencial, segundo a t̤ica da Economia, ao passo que, no raciocn̕io jurd̕ico, o tema da legalidade – cumprimento das normas jurd̕icas – ̌a questô central enfocada pelo Direito.” Jos ̌Marcos Lunardelli Desembargador Federal do Tribunal Regional Federal da 3® Regiô
|
| 506 |
1 |
|
|a Disponible solo en los productos indicados
|d vLex Global
|d vLex Global (Academic Edition, excluding Law Schools)
|d vLex Global (U.S. Academic Edition, Law Schools)
|d vLex Global (U.S. Academic Edition, excluding Law Schools)
|d vLex Global (Academic Edition, Law Schools)
|
| 650 |
0 |
4 |
|a Derecho Administrativo Econm̤ico
|z Brasil
|
| 700 |
1 |
|
|a Maristrello Porto, Antn̥io Još
|
| 700 |
1 |
|
|a Pinheiro Sampaio, Patrc̕ia Regina
|
| 740 |
0 |
|
|a vLex Libros (Servicio en ln̕ea)
|
| 856 |
4 |
0 |
|u https://app.vlex.com/#/sources/37375
|z Acceso restringido
|
| 942 |
|
|
|c BOOK
|
| 999 |
0 |
|
|a Economic Administrative Law
|